[Event "SRB-ch Semifinal 2021"]
[Site "Paracin"]
[Date "2021.03.18"]
[Round "4.7"]
[White "Ivanovic, Marko"]
[Black "Stankovic, Milos"]
[Result "0-1"]
[WhiteElo "2274"]
[BlackElo "2414"]
[Annotator "TA"]
[PlyCount "224"]
[EventDate "2021.03.16"]
[EventType "swiss"]
[EventCountry "SRB"]
[SourceTitle "playchess.com"]
[Source "ChessBase"]
[SourceQuality "1"]

{[%evp 9,224,9,22,4,-2,-11,-26,-44,38,34,41,-1,0,0,0,0,0,0,0,0,38,6,14,19,20,-8,-16,-9,0,-10,0,0,0,0,0,0,0,0,0,0,0,0,0,0,0,0,0,-46,-49,-45,-34,-152,-135,-150,-149,-148,-143,-133,-10,-106,-118,-114,-102,-112,-119,-141,-4,-11,0,-144,-154,-159,-145,-138,-103,-99,-88,-585,-64,-64,-64,-74,-66,-66,-66,-85,-74,-107,-108,-111,-26,-35,0,0,0,0,0,0,0,0,0,0,0,0,0,-6,0,0,0,0,0,-177,0,0,0,0,0,0,0,0,0,0,0,0,0,0,0,0,0,0,0,0,0,0,0,0,0,0,0,0,0,0,0,0,0,0,0,0,0,0,0,0,0,-8,0,-8,0,-8,0,0,0,0,0,0,0,0,0,0,0,0,0,0,0,0,0,0,0,0,0,0,0,0,0,0,0,0,0,0,0,0,0,0,0,0,0,0,0,0,0,0,0,0,0,0,0,0,0,0,0,-219,-219,-219,-219,-219,-1467,-29971,-29973]} 1. e4 c5 2. Nc3 d6 3. f4 g6 4. Nf3 Bg7 5. Bb5+ Bd7 6. Bc4 {B23: Closed Sicilian: Lines without g3.} Nc6 7. O-O e6 8. f5 {Black has an edge. is now more promising than 8.d3.} Nd4 (8... exf5 $15 9. d4 Nge7) 9. fxe6 $14 Bxe6 10. Bxe6 (10. d3 {feels hotter.} Qd7 11. Bg5 Ne7 12. Qd2 O-O 13. Bh6) 10... fxe6 11. d3 Nf6 12. Bg5 O-O 13. e5 dxe5 {[#]} 14. Ne4 $146 ({Don't play} 14. Nxe5 Nxc2 $1 15. Qxc2 Qd4+ 16. Kh1 Qxe5 $17) ({Predecessor:} 14. Nxe5 Qc7 15. Ng4 Nxg4 16. Qxg4 Rf5 17. Rxf5 exf5 18. Qh4 Qc6 19. Re1 Re8 20. Rxe8+ Qxe8 21. Kh1 b6 {½-½ (21) Travadon,L (2456)-Gao,E (2286) Hyeres 2019}) 14... Nf5 15. Qe2 Qb6 16. Bxf6 Bxf6 17. Kh1 Bg7 18. c3 Rad8 19. a4 Qc6 20. Nfd2 Ne7 21. a5 Nd5 {aiming for ...Nf4.} 22. g3 Rf5 23. Kg1 Rdf8 24. Nc4 Rd8 25. Ned2 Rdf8 (25... b6 {looks sharper.} 26. axb6 axb6 27. Nf3 Qc7 28. Rae1 b5) 26. Rae1 b5 27. axb6 axb6 28. Qe4 b5 29. Ne3 Bh6 30. Nf3 (30. Nxf5 $15 exf5 31. Qg2) 30... Bxe3+ $17 31. Rxe3 {intending Ree1.} c4 $1 32. Ree1 cxd3 33. Qxd3 Nb4 34. cxb4 (34. Nxe5 $11 Nxd3 35. Nxc6) 34... Rxf3 35. Rxf3 Rxf3 $11 {[%mdl 4096] Endgame KQR-KQR} 36. Qd8+ Rf8 37. Qg5 Rf5 (37... Qb6+ $1 $17 38. Qe3 Qxe3+ 39. Rxe3 Rf5) 38. Qd8+ $1 Rf8 (38... Kg7 $11) 39. Qg5 $1 $17 Qb6+ $1 40. Kh1 Rf5 $36 {[%mdl 2048] Black is on the roll.} 41. Qe7 Qf2 42. Qxe6+ Kg7 43. Rg1 {[%mdl 8192]} (43. Qd7+ $17 {nothing else works.} Kh6 44. Qd1) 43... Qe2 $2 ({Black should try} 43... Qf3+ $19 44. Rg2 Qb7) 44. h4 $1 $15 Qe4+ 45. Rg2 $1 Qxb4 ({Much worse is} 45... Rf2 46. Qe7+ Rf7 47. Qc5 $11) 46. Kh2 Qd4 47. Qe7+ Rf7 48. Qg5 b4 49. b3 e4 (49... h6 $17 50. Qc1 h5) 50. Rd2 $11 Rf2+ (50... Qf6 {with more complications.} 51. Qd5 Re7 52. Qc5 e3 53. Re2 Re4) 51. Rxf2 Qxf2+ {KQ-KQ} 52. Kh1 $1 Qf6 (52... Qf5 {is interesting.} 53. Qe7+ Kh6 54. Kh2 Kh5 55. Qxb4 Qf2+) 53. Qc5 Qf3+ (53... Qf5 {seems wilder.} 54. Qd4+ Kf7 55. Kh2 Qe6 56. Qxb4 Qd5) 54. Kh2 Qxb3 55. Qe7+ $1 Qf7 56. Qxb4 Qf2+ 57. Kh1 Qxg3 (57... Qf5 {seems wilder.} 58. Qe7+ Kh6 59. Kh2 g5 60. hxg5+ Kh5) 58. Qxe4 Kh6 {And now ...Qh3+ would win.} 59. Qe7 $1 Qf2 60. Qd8 $2 {[#]} (60. Qg5+ $11 {and White is okay.} Kg7 61. h5) 60... Kg7 $2 (60... Qe3 $1 $19 61. Kg2 Kh5 62. Qd1+ Kxh4 63. Qa4+ Kg5 64. Qb5+ Kf6 65. Qf1+ Ke7) 61. Qe7+ Qf7 62. Qg5 Qf6 {Hoping for ...Qxg5.} 63. Qg4 Kh6 {...Qf5 is the strong threat.} 64. Kg2 Qf5 (64... Qd8 {keeps more tension.} 65. Kg3 Kg7 66. Qc4 Qd6+ 67. Qf4 Qa3+) 65. Qd4 Qc2+ 66. Kg3 Qc7+ 67. Kh3 Qe7 (67... Qc6 $5 {[%cal Rc6f3]} 68. Qe3+ Kg7 $11) 68. Qf4+ Kg7 69. Qd4+ Kf7 70. Qf4+ Ke6 71. Qe4+ Kf7 72. Qf4+ Kg8 (72... Ke6 {feels hotter.}) 73. Qd4 $1 h6 74. Qd5+ Kg7 75. Qd4+ Kh7 76. Qd5 Qe3+ 77. Kg2 Qe2+ (77... Qf4 {feels hotter.} 78. Qd7+ Kg8 79. Qd8+ Kf7 80. Qd5+ Kf8) 78. Kg3 Qe1+ 79. Kh3 Qf1+ 80. Kg3 Qg1+ 81. Kh3 Qe3+ 82. Kg2 Qe7 83. Kg3 h5 84. Qd4 Qe6 85. Qd8 Qe5+ 86. Kh3 Kg7 87. Qd7+ (87. Qd1 {is more complex.} Qf5+ 88. Kg2 Qe4+ 89. Kg3 Qe5+ 90. Kg2) 87... Kf6 88. Qd8+ Kf7 (88... Kf5 {keeps more tension.} 89. Qg5+ Ke4 90. Qxg6+ Kd5 91. Qf7+ Kc5) 89. Qd7+ Qe7 90. Qd4 Qe6+ 91. Kg3 Qf5 92. Qc4+ Kf6 93. Qc6+ (93. Qb4 {is more complex.} Qe5+ 94. Kf3 Qd5+ 95. Ke3 Qd8 96. Qf4+) 93... Qe6 (93... Ke5 {seems wilder.} 94. Qc5+ Ke4 95. Qb4+ Ke3 96. Qe1+ Kd3) 94. Qf3+ Ke7 95. Qb7+ Qd7 (95... Kd6 {is more complex.} 96. Qb4+ Kd7 97. Qa4+ Ke7 98. Qb4+ Kd7) 96. Qe4+ Kf6 97. Qf4+ Kg7 98. Qe5+ Kh7 {White must now prevent ...Qg4+.} 99. Qf6 Qg7 (99... Qc7+ {feels hotter.} 100. Kf3 Qb7+ 101. Kg3 Qc7+) 100. Qd8 (100. Qxg7+ {with more complications.} Kxg7 101. Kf3 Kh6 102. Kg3 Kg7) 100... Qa7 101. Qf6 Qd7 (101... Qb7 {looks sharper.} 102. Kf2 Qc7 103. Kf3 Qb7+ 104. Kg3 Qc7+) 102. Kh2 Qg7 (102... Qc7+ {feels hotter.} 103. Kg2 Qc2+ 104. Kf3 Qd3+ 105. Kg2 Qe2+) 103. Qd8 Qe5+ 104. Kh3 Kg7 105. Qd7+ Kf6 106. Qd8+ Qe7 (106... Kf5 {is interesting.} 107. Qg5+ Ke4 108. Qxg6+ Kd5 109. Qf7+ Kc5) 107. Qd4+ Kf5 108. Qd5+ Kf4 109. Qd4+ $2 (109. Qc4+ $11 {and White has nothing to worry.} Qe4 110. Qf1+ Ke5 111. Qb5+ Kf4 112. Qf1+ Ke5 113. Qb5+ Qd5 114. Qe2+ Qe4 115. Qb5+) 109... Qe4 $19 110. Qd6+ Ke3 111. Qb6+ Kf3 {( -> ...Qg4+)} 112. Qb3+ {[#]} Qe3 $1 {Weighted Error Value: White=0.23/Black=0.30} 0-1

[Event "SRB-ch Semifinal 2021"]
[Site "Paracin"]
[Date "2021.03.18"]
[Round "4.8"]
[White "Sredojevic, Ivan"]
[Black "Zegarac, Vuk"]
[Result "1-0"]
[WhiteElo "2288"]
[BlackElo "2386"]
[Annotator "NA"]
[PlyCount "61"]
[EventDate "2021.03.16"]
[EventType "swiss"]
[EventCountry "SRB"]
[SourceTitle "playchess.com"]
[Source "ChessBase"]
[SourceQuality "1"]
[TimeControl "40/5400+30:1800+30"]

1. e4 {[%emt 0:00:00]} c6 {[%emt 0:00:01]} 2. d4 {[%emt 0:00:00]} d5 {[%emt 0:00:30]} 3. Nc3 {[%emt 0:00:00]} dxe4 {[%emt 0:00:31]} 4. Nxe4 {[%emt 0:00:00]} Nf6 {[%emt 0:00:31]} 5. Nxf6+ {[%emt 0:00:02]} exf6 {[%emt 0:00:05]} 6. c3 {[%emt 0:00:11]} Bd6 {[%emt 0:00:08]} 7. Bd3 {[%emt 0:00:05]} O-O {[%emt 0:00:08]} 8. Ne2 {[%emt 0:00:02]} Re8 {[%emt 0:00:08]} 9. O-O {[%emt 0:00:07]} Nd7 {[%emt 0:01:02]} 10. Bf4 {[%emt 0:06:43]} Nf8 {[%emt 0:01:40]} 11. Qd2 {[%emt 0:03:17]} Be6 {[%emt 0:04:56]} 12. Rfe1 {[%emt 0:01:33]} Be7 {[%emt 0:05:51]} 13. Qc2 {[%emt 0:03:16]} Qd7 {[%emt 0:05:08]} 14. Rad1 {[%emt 0:00:20]} f5 {[%emt 0:05:33]} 15. d5 {[%emt 0:15:48]} cxd5 {[%emt 0:15:00]} 16. Nd4 {[%emt 0:00:15]} a6 {[%emt 0:00:49]} 17. Bxf5 {[%emt 0:08:36]} Bf6 {[%emt 0:03:19]} 18. Nxe6 {[%emt 0:03:18]} fxe6 {[%emt 0:00:55]} 19. Bd3 {[%emt 0:09:38]} e5 {[%emt 0:07:30]} 20. Bg3 {[%emt 0:07:05]} Qf7 {[%emt 0:01:54]} 21. f3 {[%emt 0:00:13]} g6 {[%emt 0:07:08]} 22. Qd2 {[%emt 0:10:00]} Kg7 {[%emt 0:06:40]} 23. Bc2 {[%emt 0:03:57]} d4 {[%emt 0:01:14]} 24. Bb3 {[%emt 0:02:27]} Qd7 {[%emt 0:00:55]} 25. Re4 {[%emt 0:02:52]} a5 {[%emt 0:07:54]} 26. Qe2 {[%emt 0:03:18]} a4 {[%emt 0:16:42]} 27. Bc4 {[%emt 0:00:24]} Ra5 {[%emt 0:02:58]} 28. cxd4 {[%emt 0:02:31]} Qc7 {[%emt 0:01:22]} 29. dxe5 {[%emt 0:02:39]} Bxe5 {[%emt 0:00:12]} 30. f4 {[%emt 0:00:18]} b5 {[%emt 0:00:40]} 31. Bd5 {[%emt 0:01:14]} 1-0

[Event "SRB-ch Semifinal 2021"]
[Site "Paracin"]
[Date "2021.03.18"]
[Round "4.9"]
[White "Arsovic, Zoran"]
[Black "Ilincic, Aleksa"]
[Result "1-0"]
[WhiteElo "2374"]
[BlackElo "2229"]
[Annotator "TA"]
[PlyCount "99"]
[EventDate "2021.03.16"]
[EventType "swiss"]
[EventCountry "SRB"]
[SourceTitle "playchess.com"]
[Source "ChessBase"]
[SourceQuality "1"]

{[%evp 9,99,-10,-4,-2,-1,-10,-7,-6,-4,-9,-2,-10,-5,-25,-7,-22,-3,-28,-39,-29,-32,-28,0,-3,0,-27,-8,-13,-10,-10,-5,-26,1,-25,-9,-32,-15,-52,-34,-34,-14,-28,-43,-46,-30,-45,-44,-28,-41,-56,-20,-25,-5,-26,0,-15,4,4,170,164,169,152,319,324,316,309,285,254,312,270,410,405,562,562,810,716,824,818,762,791,834,813,814,766,919,881,839,855,1629,1575,29979,29980]} 1. Nf3 Nf6 2. c4 g6 3. Nc3 d5 4. cxd5 Nxd5 5. d3 Nxc3 6. bxc3 {A16: English Opening: 1...Nf6 with ...d5.} Bg7 7. Qc2 c5 8. g3 {The position is equal.} b6 9. Bg2 Bb7 10. O-O O-O 11. Rb1 Nc6 {[#]} 12. Rd1 $146 ({Predecessor:} 12. e4 Qd7 13. Rd1 Rfd8 14. Be3 Rac8 15. Rd2 h6 16. Ne1 e5 17. f3 Ba8 18. Qa4 {1-0 (57) Raicevic,I (2375)-Filipovic,S (2130) Nis 1997}) 12... Rc8 13. Bf4 Qd7 14. Qd2 Rfd8 15. Bh6 Qf5 16. Bxg7 Kxg7 17. c4 (17. e4 {is more complex.} Qe6 18. h4 Na5 19. Qe3 f6 20. h5) 17... Qf6 (17... h6 {feels hotter.} 18. Qe3 f6 19. Nd2 Qd7 20. Ne4 Ne5) 18. Qb2 Qxb2 19. Rxb2 Na5 20. Rdb1 h6 21. h4 Bc6 22. Kh2 e6 23. g4 Rc7 24. Rg1 Re7 25. Kg3 e5 26. Nd2 Bxg2 27. Rxg2 e4 28. Nxe4 {[#]} Nxc4 $1 29. Rc2 (29. Rb3 Nd6) 29... Ne5 (29... Na3 $5 {[%cal Ra3c2]} 30. Rc3 Nb5 $15) 30. f3 Nc6 31. Kf2 Nd4 32. Rc4 Rde8 33. h5 g5 $2 (33... Rd7 $11 {and Black stays safe.}) 34. e3 $18 Nc6 35. Nd6 Rd8 $2 {This move loses the game for Black.} (35... Nb4 $16) 36. Nf5+ {[%mdl 64] [#] Double Attack} Kf8 37. Nxe7 Kxe7 {[%mdl 4096] Endgame KRR-KRN} 38. Ke2 Kd6 39. f4 b5 (39... f6 $142 40. Rf2 Re8) 40. Re4 gxf4 41. Rxf4 Ke6 42. Rgf2 Ne5 43. d4 cxd4 44. exd4 Nc4 45. Kd3 Nd6 46. Rf6+ {[%mdl 64] Double Attack} Kd5 47. Rc2 {[%csl Gd4][%cal Rc2c5]} Nc4 48. Rxh6 Rg8 49. Rf2 {White threatens Rf5+ and mate.} Nd6 50. Rff6 {[%csl Gh6][%cal Rf6d6] Weighted Error Value: White=0.09/Black=0.50} 1-0

[Event "SRB-ch Semifinal 2021"]
[Site "Paracin"]
[Date "2021.03.18"]
[Round "4.10"]
[White "Pajcin, Lav"]
[Black "Irizanin, Radoje"]
[Result "0-1"]
[WhiteElo "2167"]
[BlackElo "2343"]
[Annotator "NA"]
[PlyCount "62"]
[EventDate "2021.03.16"]
[EventType "swiss"]
[EventCountry "SRB"]
[SourceTitle "playchess.com"]
[Source "ChessBase"]
[SourceQuality "1"]
[TimeControl "40/5400+30:1800+30"]

1. e4 {[%emt 0:00:00]} c6 {[%emt 0:00:00]} 2. d4 {[%emt 0:00:38]} d5 {[%emt 0:00:05]} 3. e5 {[%emt 0:01:49]} Bf5 {[%emt 0:01:22]} 4. c4 {[%emt 0:01:50]} e6 {[%emt 0:00:32]} 5. Nc3 {[%emt 0:00:11]} Nd7 {[%emt 0:03:56]} 6. cxd5 {[%emt 0:04:28]} cxd5 {[%emt 0:02:58]} 7. Nge2 {[%emt 0:00:23]} Ne7 {[%emt 0:05:11]} 8. Ng3 {[%emt 0:03:06]} Bg6 {[%emt 0:00:30]} 9. h4 {[%emt 0:03:33]} h6 {[%emt 0:00:31]} 10. h5 {[%emt 0:01:58]} Bh7 {[%emt 0:00:08]} 11. Bd3 {[%emt 0:02:04]} Bxd3 {[%emt 0:01:09]} 12. Qxd3 {[%emt 0:00:06]} Nc6 {[%emt 0:00:36]} 13. O-O {[%emt 0:03:31]} Be7 {[%emt 0:06:00]} 14. Be3 {[%emt 0:08:07]} O-O {[%emt 0:05:21]} 15. Nce2 {[%emt 0:06:03]} Rc8 {[%emt 0:05:26]} 16. a3 {[%emt 0:02:48]} Nb6 {[%emt 0:11:43]} 17. b3 {[%emt 0:09:06]} a5 {[%emt 0:02:01]} 18. Nc3 {[%emt 0:16:16]} a4 {[%emt 0:04:04]} 19. b4 {[%emt 0:08:21]} Nc4 {[%emt 0:05:26]} 20. Nxa4 {[%emt 0:01:55]} Ra8 {[%emt 0:01:01]} 21. Qb3 {[%emt 0:04:27]} Bg5 {[%emt 0:06:28]} 22. Rfd1 {[%emt 0:07:35]} Nxe3 {[%emt 0:05:15]} 23. fxe3 {[%emt 0:00:02]} Rxa4 {[%emt 0:01:29]} 24. Qxa4 {[%emt 0:06:39]} Bxe3+ {[%emt 0:00:27]} 25. Kf1 {[%emt 0:00:06]} Qg5 {[%emt 0:03:50]} 26. Nh1 {[%emt 0:01:53]} f6 {[%emt 0:02:08]} 27. Ke2 {[%emt 0:02:07]} fxe5 {[%emt 0:05:42]} 28. Kd3 {[%emt 0:00:19]} Nxd4 {[%emt 0:06:21]} 29. Rf1 {[%emt 0:02:32]} e4+ {[%emt 0:01:49]} 30. Kc3 {[%emt 0:00:11]} Rc8+ {[%emt 0:01:24]} 31. Kb2 {[%emt 0:00:46]} Qxg2+ {[%emt 0:01:01]} 0-1

[Event "SRB-ch Semifinal 2021"]
[Site "Paracin"]
[Date "2021.03.19"]
[Round "5.1"]
[White "Ratkovic, Miloje"]
[Black "Sedlak, Nikola"]
[Result "1-0"]
[WhiteElo "2497"]
[BlackElo "2514"]
[Annotator "ChessBase"]
[PlyCount "49"]
[EventDate "2021.03.16"]
[EventType "swiss"]
[EventCountry "SRB"]
[SourceTitle "playchess.com"]
[Source "ChessBase"]
[SourceQuality "1"]
[TimeControl "40/5400+30:1800+30"]

1. d4 {[%emt 0:00:00]} Nf6 {[%emt 0:01:55]} 2. c4 {[%emt 0:01:10]} g6 {[%emt 0:00:10]} 3. Nc3 {[%emt 0:00:09]} d5 {[%emt 0:00:18]} 4. cxd5 {[%emt 0:00:08]} Nxd5 {[%emt 0:00:07]} 5. e4 {[%emt 0:00:05]} Nxc3 {[%emt 0:00:11]} 6. bxc3 {[%emt 0:00:05]} Bg7 {[%emt 0:00:09]} 7. Be3 {[%emt 0:00:06]} c5 {[%emt 0:00:21]} 8. Qd2 {[%emt 0:00:07]} Qa5 {[%emt 0:00:20]} 9. Rc1 {[%emt 0:00:08]} Nd7 {[%emt 0:01:00]} 10. d5 {[%emt 0:07:14]} O-O {[%emt 0:08:58]} 11. Nf3 {[%emt 0:01:19]} Nf6 {[%emt 0:01:15]} 12. e5 {[%emt 0:01:47]} Ng4 {[%emt 0:02:55]} 13. Bf4 {[%emt 0:00:15]} Qc7 {[%emt 0:08:50]} 14. Qe2 {[%emt 0:03:06]} f6 {[%emt 0:04:46]} 15. Qc4 {[%emt 0:12:53]} Qb6 {[%emt 0:03:02]} 16. e6 {[%emt 0:04:49]} f5 {[%emt 0:17:24]} 17. Be2 {[%emt 0:17:09]} Nf6 {[%emt 0:00:21]} 18. d6 {[%emt 0:21:58]} Kh8 {[%emt 0:07:54]} 19. d7 {[%emt 0:00:58]} Bxd7 {[%emt 0:00:09]} 20. exd7 {[%emt 0:00:06]} Nxd7 {[%emt 0:00:04]} 21. Ng5 {[%emt 0:02:57]} Qf6 {[%emt 0:02:27]} 22. Qe6 {[%emt 0:01:12]} h6 {[%emt 0:00:27]} 23. h4 {[%emt 0:02:35]} Nb6 {[%emt 0:00:10]} 24. h5 {[%emt 0:01:52]} gxh5 {[%emt 0:01:28]} 25. Rxh5 {[%emt 0:00:11]} 1-0

[Event "SRB-ch Semifinal 2021"]
[Site "Paracin"]
[Date "2021.03.19"]
[Round "5.2"]
[White "Tadic, Stefan"]
[Black "Cabarkapa, Novak"]
[Result "1/2-1/2"]
[WhiteElo "2419"]
[BlackElo "2455"]
[Annotator "ChessBase"]
[PlyCount "72"]
[EventDate "2021.03.16"]
[EventType "swiss"]
[EventCountry "SRB"]
[SourceTitle "playchess.com"]
[Source "ChessBase"]
[SourceQuality "1"]
[TimeControl "40/5400+30:1800+30"]

1. d4 {[%emt 0:01:25]} Nf6 {[%emt 0:00:39]} 2. c4 {[%emt 0:00:13]} g6 {[%emt 0:03:33]} 3. Nc3 {[%emt 0:00:09]} d5 {[%emt 0:00:29]} 4. cxd5 {[%emt 0:00:25]} Nxd5 {[%emt 0:00:05]} 5. e4 {[%emt 0:00:06]} Nxc3 {[%emt 0:00:05]} 6. bxc3 {[%emt 0:00:04]} Bg7 {[%emt 0:00:05]} 7. Bc4 {[%emt 0:00:41]} c5 {[%emt 0:00:52]} 8. Ne2 {[%emt 0:01:13]} O-O {[%emt 0:00:14]} 9. O-O {[%emt 0:00:54]} Nc6 {[%emt 0:00:03]} 10. Be3 {[%emt 0:00:32]} Bg4 {[%emt 0:00:23]} 11. f3 {[%emt 0:00:57]} Bd7 {[%emt 0:00:04]} 12. Rb1 {[%emt 0:03:28]} a6 {[%emt 0:02:34]} 13. h4 {[%emt 0:03:17]} Na5 {[%emt 0:22:47]} 14. Bd3 {[%emt 0:08:10]} cxd4 {[%emt 0:06:27]} 15. cxd4 {[%emt 0:00:51]} Rc8 {[%emt 0:03:27]} 16. h5 {[%emt 0:08:30]} Nc4 {[%emt 0:10:32]} 17. Bxc4 {[%emt 0:28:32]} Rxc4 {[%emt 0:00:05]} 18. hxg6 {[%emt 0:00:05]} hxg6 {[%emt 0:00:52]} 19. Rxb7 {[%emt 0:09:00]} Ba4 {[%emt 0:09:15]} 20. Qb1 {[%emt 0:04:58]} Bb5 {[%emt 0:07:29]} 21. Rd1 {[%emt 0:03:50]} Qc8 {[%emt 0:08:15]} 22. Rxe7 {[%emt 0:04:46]} Bf6 {[%emt 0:01:55]} 23. Ra7 {[%emt 0:00:48]} Qb8 {[%emt 0:01:29]} 24. d5 {[%emt 0:02:51]} Be5 {[%emt 0:04:35]} 25. Qb3 {[%emt 0:03:37]} Rfc8 {[%emt 0:04:54]} 26. d6 {[%emt 0:09:56]} Bxd6 {[%emt 0:01:00]} 27. Rb1 {[%emt 0:00:38]} Rf8 {[%emt 0:04:42]} 28. Kf2 {[%emt 0:02:41]} Rb4 {[%emt 0:03:40]} 29. Qxb4 {[%emt 0:00:55]} Bxb4 {[%emt 0:00:07]} 30. Rxb4 {[%emt 0:00:01]} Qd6 {[%emt 0:00:36]} 31. Rd4 {[%emt 0:00:31]} Qh2 {[%emt 0:01:37]} 32. Rd2 {[%emt 0:01:18]} Rc8 {[%emt 0:01:13]} 33. a4 {[%emt 0:00:27]} Bxa4 {[%emt 0:01:31]} 34. Rxa6 {[%emt 0:00:15]} Bb5 {[%emt 0:00:13]} 35. Ra1 {[%emt 0:00:07]} Bxe2 {[%emt 0:00:28]} 36. Rxe2 {[%emt 0:00:03]} Qh4+ {[%emt 0:00:17]} 1/2-1/2

[Event "SRB-ch Semifinal 2021"]
[Site "Paracin"]
[Date "2021.03.19"]
[Round "5.3"]
[White "Stankovic, Milos"]
[Black "Milosevic, Milos"]
[Result "1/2-1/2"]
[WhiteElo "2414"]
[BlackElo "2315"]
[Annotator "NA"]
[PlyCount "51"]
[EventDate "2021.03.16"]
[EventType "swiss"]
[EventCountry "SRB"]
[SourceTitle "playchess.com"]
[Source "ChessBase"]
[SourceQuality "1"]
[TimeControl "40/5400+30:1800+30"]

1. e4 {[%emt 0:00:40]} e6 {[%emt 0:00:00]} 2. d4 {[%emt 0:00:43]} d5 {[%emt 0:00:00]} 3. Nc3 {[%emt 0:01:22]} Bb4 {[%emt 0:00:00]} 4. exd5 {[%emt 0:07:09]} exd5 {[%emt 0:00:11]} 5. Bd3 {[%emt 0:00:10]} Nc6 {[%emt 0:00:01]} 6. a3 {[%emt 0:00:59]} Bxc3+ {[%emt 0:00:02]} 7. bxc3 {[%emt 0:00:12]} Nge7 {[%emt 0:00:01]} 8. Qf3 {[%emt 0:03:35]} Be6 {[%emt 0:01:37]} 9. Ne2 {[%emt 0:04:57]} Qd7 {[%emt 0:00:50]} 10. O-O {[%emt 0:00:40]} O-O-O {[%emt 0:00:41]} 11. Re1 {[%emt 0:01:29]} Kb8 {[%emt 0:02:51]} 12. Rb1 {[%emt 0:03:36]} h5 {[%emt 0:02:02]} 13. h3 {[%emt 0:03:55]} Bf5 {[%emt 0:30:20]} 14. Ng3 {[%emt 0:07:21]} Bxd3 {[%emt 0:02:49]} 15. cxd3 {[%emt 0:00:16]} h4 {[%emt 0:02:01]} 16. Nf1 {[%emt 0:00:25]} Qf5 {[%emt 0:09:37]} 17. Qxf5 {[%emt 0:01:58]} Nxf5 {[%emt 0:00:01]} 18. Bf4 {[%emt 0:00:16]} Kc8 {[%emt 0:04:52]} 19. Ne3 {[%emt 0:06:32]} Nfe7 {[%emt 0:00:46]} 20. Rb2 {[%emt 0:05:33]} f6 {[%emt 0:02:14]} 21. Rbe2 {[%emt 0:07:06]} b6 {[%emt 0:00:48]} 22. Ng4 {[%emt 0:03:40]} Ng6 {[%emt 0:03:02]} 23. Bh2 {[%emt 0:02:00]} Rd7 {[%emt 0:04:09]} 24. Kf1 {[%emt 0:13:35]} Kb7 {[%emt 0:03:18]} 25. Re6 {[%emt 0:02:02]} Re7 {[%emt 0:05:00]} 26. Rxe7 {[%emt 0:01:00]} 1/2-1/2

[Event "SRB-ch Semifinal 2021"]
[Site "Paracin"]
[Date "2021.03.19"]
[Round "5.4"]
[White "Ratkovic, Milovan"]
[Black "Sredojevic, Ivan"]
[Result "1/2-1/2"]
[WhiteElo "2462"]
[BlackElo "2288"]
[Annotator "ChessBase"]
[PlyCount "41"]
[EventDate "2021.03.16"]
[EventType "swiss"]
[EventCountry "SRB"]
[SourceTitle "playchess.com"]
[Source "ChessBase"]
[SourceQuality "1"]
[TimeControl "40/5400+30:1800+30"]

1. d4 {[%emt 0:00:00]} Nf6 {[%emt 0:00:00]} 2. c4 {[%emt 0:00:00]} e6 {[%emt 0:00:00]} 3. Nc3 {[%emt 0:00:00]} Bb4 {[%emt 0:00:00]} 4. Bg5 {[%emt 0:00:20]} h6 {[%emt 0:02:51]} 5. Bh4 {[%emt 0:00:09]} c5 {[%emt 0:05:17]} 6. d5 {[%emt 0:00:18]} exd5 {[%emt 0:00:14]} 7. cxd5 {[%emt 0:00:14]} d6 {[%emt 0:00:09]} 8. e3 {[%emt 0:00:21]} O-O {[%emt 0:00:26]} 9. Bd3 {[%emt 0:00:30]} Nbd7 {[%emt 0:10:33]} 10. Nge2 {[%emt 0:00:43]} a6 {[%emt 0:03:24]} 11. O-O {[%emt 0:01:40]} Qe7 {[%emt 0:00:26]} 12. Ng3 {[%emt 0:21:42]} Ne5 {[%emt 0:10:44]} 13. Nge4 {[%emt 0:19:51]} g5 {[%emt 0:07:27]} 14. Nxf6+ {[%emt 0:00:40]} Qxf6 {[%emt 0:00:11]} 15. Bg3 {[%emt 0:00:13]} Nxd3 {[%emt 0:02:17]} 16. Qxd3 {[%emt 0:01:01]} Bf5 {[%emt 0:06:54]} 17. Qd2 {[%emt 0:16:02]} c4 {[%emt 0:11:28]} 18. e4 {[%emt 0:08:44]} Bxc3 {[%emt 0:00:08]} 19. bxc3 {[%emt 0:00:17]} Bxe4 {[%emt 0:00:04]} 20. f4 {[%emt 0:00:21]} Qg6 {[%emt 0:06:16]} 21. Qd4 {[%emt 0:20:18]} 1/2-1/2

[Event "SRB-ch Semifinal 2021"]
[Site "Paracin"]
[Date "2021.03.19"]
[Round "5.5"]
[White "Budisavljevic, Luka"]
[Black "Drazic, Sinisa"]
[Result "1-0"]
[WhiteElo "2510"]
[BlackElo "2334"]
[Annotator "ChessBase"]
[PlyCount "39"]
[EventDate "2021.03.16"]
[EventType "swiss"]
[EventCountry "SRB"]
[SourceTitle "playchess.com"]
[Source "ChessBase"]
[SourceQuality "1"]
[TimeControl "40/5400+30:1800+30"]

1. d4 {[%emt 0:00:00]} d6 {[%emt 0:00:19]} 2. Nf3 {[%emt 0:00:01]} g6 {[%emt 0:00:28]} 3. c4 {[%emt 0:00:36]} Bg7 {[%emt 0:00:10]} 4. Nc3 {[%emt 0:00:23]} e5 {[%emt 0:01:05]} 5. e4 {[%emt 0:00:54]} Nc6 {[%emt 0:00:30]} 6. dxe5 {[%emt 0:01:22]} Nxe5 {[%emt 0:00:00]} 7. Nxe5 {[%emt 0:00:29]} dxe5 {[%emt 0:00:46]} 8. Qxd8+ {[%emt 0:00:23]} Kxd8 {[%emt 0:00:01]} 9. Bg5+ {[%emt 0:00:42]} f6 {[%emt 0:00:03]} 10. O-O-O+ {[%emt 0:05:29]} Bd7 {[%emt 0:00:12]} 11. Be2 {[%emt 0:07:43]} h5 {[%emt 0:21:02]} 12. Be3 {[%emt 0:00:29]} Bh6 {[%emt 0:00:39]} 13. Bxh6 {[%emt 0:14:45]} Rxh6 {[%emt 0:21:04]} 14. c5 {[%emt 0:08:24]} c6 {[%emt 0:14:59]} 15. Rd6 {[%emt 0:04:19]} Ke7 {[%emt 0:01:27]} 16. Bc4 {[%emt 0:00:49]} Rf8 {[%emt 0:00:21]} 17. Rhd1 {[%emt 0:00:54]} Bc8 {[%emt 0:00:02]} 18. b4 {[%emt 0:02:21]} f5 {[%emt 0:01:54]} 19. Re1 {[%emt 0:03:28]} Ke8 {[%emt 0:00:37]} 20. Bxg8 {[%emt 0:00:24]} 1-0